TPRR **DEFINITIVE** Character Quiz ("Easy") - Statistics

General Stats
  • This quiz has been taken 38 times
    28 since last reset
  • The average score is 427 of 944
Answer Stats
answers % Correct
Balloon Boy
100%
Ballora
100%
Bidybab
100%
Bite Victim
100%
Bon
100%
Bonnie
100%
Candy
100%
Chica
100%
Cinematic Bonnie
100%
Cinematic Chica
100%
Cinematic Foxy
100%
Cinematic Freddy
100%
Cinematic Golden Freddy
100%
Circus Baby
100%
Cupcake
100%
Electrobab
100%
Endo 02
100%
Endoskeleton
100%
Ennard
100%
Foxy
100%
Freddy
100%
Funtime Foxy
100%
Funtime Freddy
100%
Golden Freddy
100%
JJ
100%
Lolbit
100%
Marionette
100%
Minireena
100%
M.X.E.S.
100%
Nightmare
100%
RWQFSFASXC
100%
Scraptrap
100%
Sha
100%
Shadow Freddy
100%
Springtrap
100%
The Mangle
100%
The Mimic
100%
Toy Bonnie
100%
Toy Chica
100%
Toy Freddy
100%
Withered Bonnie
100%
Withered Chica
100%
Withered Foxy
100%
Withered Freddy
100%
Withered Golden Freddy
100%
Withered SpringBonnie
100%
Yenndo
100%
Bidy
83%
Blacklight Toy Freddy & Co
83%
Bon-Bon
83%
Bonnet
83%
Burntrap
83%
Candy Cane Chica
83%
Captain Foxy
83%
Chronosfear Hector
83%
Cinematic Balloon Boy
83%
Cinematic Mangle
83%
Cinematic Shadow Freddy
83%
Cinematic Sparky
83%
Cinematic Toy Bonnie
83%
Cinematic Toy Chica
83%
Cinematic Toy Freddy
83%
Cinematic Withered Bonnie
83%
Cinematic Withered Chica
83%
Cinematic Withered Foxy
83%
Cinematic Withered Freddy
83%
Daycare Attendant
83%
Dreadbear
83%
Eclipse
83%
Elf Bonnie
83%
Exotic Eggs
83%
Exotic Pot 'O Gold
83%
Fazcoin Freddy
83%
Fredbear
83%
Fredbear Plushy
83%
Freddle
83%
Fredguin
83%
Funtime Chica
83%
Ghost Pirate Bonnie
83%
Ghost Pirate Freddy
83%
Gingerbread Foxy
83%
Glamrock Bonnie
83%
Glamrock Chica
83%
Glamrock Freddy
83%
Glitchtrap
83%
Grimm Foxy
83%
Happy Frog
83%
Hector
83%
Helpy
83%
Jack-O-Bonnie
83%
Jack-O-Chica
83%
Jack-O-Moon
83%
Lefty
83%
Magician & Little Joe
83%
Molten Freddy
83%
Montgomery Gator
83%
Mr.Can-Do
83%
Mr.Hippo
83%
Mr.Hugs
83%
Nedd Bear
83%
Nightburr Freezy
83%
Nightburr Frosty
83%
Nightmare Bonnie
83%
Nightmare Chica
83%
Nightmare Foxy
83%
Nightmare Fredbear
83%
Nightmare Freddy
83%
Nightmare Mangle
83%
Nightmarionne
83%
No.1 Crate
83%
Old Man Consequences
83%
Orville Elephant
83%
Pan Stan
83%
Paperpals
83%
Parts & Service Bonnie
83%
Parts & Service Chica
83%
Parts & Service Foxy
83%
Parts & Service Freddy
83%
Phantom Balloon Boy
83%
Phantom Chica
83%
Phantom Foxy
83%
Phantom Freddy
83%
Phantom Mangle
83%
Phantom Marionette
83%
Pig Patch
83%
Plushbaby
83%
Plushtrap
83%
Restored Bonnie
83%
Restored Chica
83%
Restored Foxy
83%
Restored Freddy
83%
Rockstar Bonnie
83%
Rockstar Chica
83%
Rockstar Foxy
83%
Rockstar Freddy
83%
Rockstar Parrot
83%
Roxanne Wolf
83%
Ruined Glamrock Chica
83%
Ruined Roxy
83%
Santa Freddy
83%
Scrap Baby
83%
Snowman Bonnie
83%
Spring Bonnie
83%
Stocking Foxy
83%
Stuffed Freddy
83%
The Burger
83%
The Penguin
83%
The Tangle/Blob
83%
The Yellow Rabbit
83%
Vanny
83%
Abby Schmidt
67%
Adult
67%
Beacon Bonnie
67%
Big Top
67%
Bite Victim's Toys
67%
Blank
67%
Blue Rockstar Parrot
67%
Bride of Dreadbear
67%
Bringer
67%
Bucket Bob
67%
Builder Bear
67%
Candy Cadet
67%
Carnie
67%
Cassidy
67%
Cat
67%
Chef
67%
Chester
67%
Child
67%
Chocolate Bonnie
67%
Cindy
67%
Cinematic Endo
67%
Cinematic Puppet
67%
Creation
67%
Creativity Player
67%
Cryopocalypse Hector
67%
Cuddles
67%
Dave
67%
David Murray
67%
DJ Music Man
67%
Dollie
67%
Edwin Murray
67%
El Chip
67%
Elfmare Chica
67%
Endo Prime
67%
Exotic Butters
67%
Fingertrap
67%
Firework Freddy
67%
Fritz
67%
Glamrock Endo
67%
Harbringer
67%
Headless Fazbear
67%
Hedgehog Hudgie
67%
Ignited Bonnie
67%
Ignited Foxy
67%
Ignited Freddy
67%
Jackie
67%
Janitor
67%
Lyrical Lemur
67%
Manager
67%
Mermaid Chica
67%
Micheal Afton
67%
Mike Schmidt
67%
Mochi's Circus Baby
67%
Mochi's Ennard
67%
Mochi's Scrap Baby
67%
Mochi's Scraptrap
67%
Monster Cat
67%
Monster Rat
67%
Monster Vinnie
67%
Mr/Mrs.Helpful
67%
Mummy Foxy
67%
Murray's Fantastic Digi-typer
67%
Murray's Marvelous Clean-o-Vac
67%
Music Man
67%
Music Man Prototype
67%
Mystic Hippo
67%
Nightbear
67%
Nightbominable Snow-Bonnie
67%
Nightmare BB
67%
Nightmare Fan
67%
Omega Scott
67%
Omega Scuff
67%
Prime Bonnie
67%
Prime Chica
67%
Prime Foxy
67%
Prime Fredbear
67%
Prime Freddy
67%
Prime O' Bonnie
67%
Prime O' Chica
67%
Prime O' Freezy
67%
Prime O' Frosty
67%
Prize King
67%
Prototype Bonnie
67%
Prototype Bub
67%
Prototype Chica
67%
Prototype Foxy
67%
Prototype Freddy
67%
Prototype Glamrock Freddy
67%
Prototype Monty
67%
Puppetling
67%
Rat
67%
Red Rockstar Parrot
67%
Repair & Dismantle
67%
Restored Marionette
67%
Ruined Mimic
67%
Ruined Monty
67%
Salvage
67%
Salvage Sign
67%
Scrap Bonnie
67%
Scrap Chica
67%
Scrap Foxy
67%
Scrap Freddy
67%
Security
67%
Security Puppet
67%
Shadow Mangle
67%
Shamrock Bon-Bon
67%
Shamrock Freddy
67%
Shamrock Funtime Freddy
67%
Sharpay
67%
Sin-Easter Bunny
67%
Slasher Foxy
67%
Snow Chica
67%
Spring Endo
67%
S.T.A.F.F. Bot
67%
Stop Motion Santa
67%
Teen
67%
Temposkeleton
67%
The Mycellium Men
67%
The Protomimics
67%
Toddler
67%
Toy Foxy
67%
Tubular
67%
Vinnie
67%
Were-Bonnie
67%
White Tiger
67%
Withered Blank
67%
Withered Candy
67%
Withered Chester
67%
8-Bit Purple Guy
50%
A.D.M.I.N. Bot
50%
Adventure BB
50%
Adventure Bonnie
50%
Adventure Chica
50%
Adventure Crying Child
50%
Adventure Endoplush
50%
Adventure Fan & Bytes
50%
Adventure Foxy
50%
Adventure Fredbear
50%
Adventure Freddle
50%
Adventure Freddy
50%
Adventure Golden Freddy
50%
Adventure Jack-O-Bonnie
50%
Adventure Jack-O-Chica
50%
Adventure JJ
50%
Adventure Mangle
50%
Adventure Marionette
50%
Adventure Nightmare
50%
Adventure Nightmare BB
50%
Adventure Nightmare Bonnie
50%
Adventure Nightmare Chica
50%
Adventure Nightmare Foxy
50%
Adventure Nightmare Fredbear
50%
Adventure Nightmare Freddy
50%
Adventure Nightmarionne
50%
Adventure Phantom BB
50%
Adventure Phantom Chica
50%
Adventure Phantom Foxy
50%
Adventure Phantom Freddy
50%
Adventure Phantom Mangle
50%
Adventure Phantom Marionette
50%
Adventure Shadow Bonnie
50%
Adventure Shadow Freddy
50%
Adventure Spring Bonnie
50%
Adventure Toy Bonnie
50%
Adventure Toy Chica
50%
Adventure Toy Freddy
50%
Adventure Withered Bonnie
50%
Adventure Withered Chica
50%
Adventure Withered Foxy
50%
Adventure Withered Freddy
50%
Alphus
50%
Auto Chipper
50%
Backstage Freddy
50%
Balloon Boy Statue
50%
Ballpit Yellow Rabbit
50%
Benjamin the Banjo
50%
Benny
50%
Bird Peep
50%
Black Ice Frostbear
50%
Blacklight Bonnie
50%
Blacklight Chica
50%
Blacklight Foxy
50%
Blacklight Freddy
50%
Blake
50%
Bluebear
50%
Bouncepot the Almighty
50%
Bunny Peep
50%
Campground Fredbear
50%
Chip
50%
Chocolate Bonnet
50%
Cinematic Cassidy
50%
Cinematic Vanessa
50%
Count Fredula
50%
Creativity Sprite
50%
CTW Funtime Freddy
50%
D-Co 9
50%
Dee Dee
50%
Deplorable Vanny
50%
Doug
50%
Drowned Bruce Gator
50%
Elephant Mascot Suit
50%
Elliot
50%
Exotic Beans Man Soup
50%
Eyesore
50%
F10N4
50%
Fanster The Fan
50%
Fourth Closet Springtrap
50%
Freddy Frostbear
50%
Gabriel
50%
Games Springtrap
50%
Ghost Bonnie
50%
Glamfrost Freddy
50%
Glamfrost Monty
50%
Glamfrost Roxy
50%
Glamrock BB
50%
Glamrock Helpy
50%
Glendo
50%
Golden Toy Freddy
50%
Granica
50%
Grieving Bonnie
50%
Grieving Chica
50%
Grieving Foxy
50%
Grieving Fredbear
50%
Grieving Freddy
50%
Groblin
50%
Hand Unit
50%
Haphephobia Freddy
50%
Ignited Chica
50%
Ignited Golden Freddy
50%
Ignited Shadow Freddy
50%
Jeremy
50%
Jolly
50%
Keeper Bear
50%
Lion Mascot Suit
50%
Lollipop
50%
Lucky Boy
50%
Mark
50%
Max
50%
Mechanical Marvel Mangle
50%
Mochi's Ballora
50%
Mochi's Lefty
50%
Mochi's Minireena
50%
M.O.U.S.E.
50%
Nightguard
50%
Nightmare Endo
50%
Nightmare JJ
50%
Old Candy
50%
Origami Cat
50%
Party-Time Chica
50%
Penguin Mascot Suit
50%
Pizza Jester
50%
Popgoes
50%
Prime BB
50%
Prime-time Foxy
50%
Prototype Fredbear
50%
Prototype Springbonnie
50%
Pumpkin Pals
50%
Pupaphobia Funtime Freddy
50%
Pyrophobia Bonnie
50%
Rachel
50%
Remnant Leviathan
50%
Restored Fredbear
50%
R.O.V
50%
Ruined Candy Cadet
50%
Screampunk
50%
Shadow Balloon Boy
50%
Shadow Candy
50%
Shattered Funtime Chica
50%
Shattered Lefty
50%
Shreddy Fazchair
50%
Sigfried
50%
Sleepy Moon
50%
Sparky
50%
Spring Freddy
50%
Stomaphobia Chica
50%
Submechanophobia Foxy
50%
Susie
50%
Swing Bee
50%
Technician
50%
Technophobia Funtime Foxy/Lolbit
50%
Thankful Turkey
50%
Time Traveler Toy Chica
50%
Torturer
50%
Trypophobia Bonnie
50%
Vanessa
50%
VR Phantom Foxy
50%
VR Phantom Freddy
50%
Wet Floor Sign Bot
50%
William Afton
50%
Witch Chica
50%
Withered Bon-Bon
50%
Withered Cindy
50%
Withered Penguin
50%
8-Bit Circus Baby
33%
Adventure Cup-Crew
33%
Adventure Endo 01
33%
Adventure Endo 02
33%
Adventure Ghost Freddy
33%
Adventure Lolbit
33%
Adventure Mendo
33%
Adventure Plushtrap
33%
Adventure Purple Guy
33%
Adventure Springtrap
33%
Amalgamation
33%
Amos
33%
Andrew
33%
Animaid Bonnie
33%
Animaid Chica
33%
Animaid Foxy
33%
Animaid Freddie
33%
Animaid Golden Freddie
33%
Arnold
33%
BabyTrap
33%
Bandit the Raccoon
33%
Benson
33%
Bio-Beta
33%
Bionic Bonnie
33%
Bird Call
33%
Blackbird
33%
Blackheart Bonnie
33%
Blacklight Endoskeleton
33%
Blacklight Rockstar Freddy
33%
Blacklight Springtrap
33%
Blackrabbit
33%
Blood & Gears' Bonnie
33%
Blood & Gears' Chica
33%
Blood & Gears' Foxy
33%
Blood & Gears' Freddy
33%
Blood & Gears' Magic Rainbow
33%
Blood & Gears' Mech
33%
Blue Suit
33%
Bouncer
33%
Bowler Bonnie
33%
Breadbear
33%
Broiler Baby
33%
Brow Boy
33%
Bubba
33%
Build-A-Bunny
33%
Burger-Go-Round
33%
Burgie
33%
Cakebear
33%
Carlton Burke
33%
Cassie
33%
Chica's Magic Rainbow
33%
Chipper
33%
Chipset Chica
33%
Cinematic Fritz
33%
Cinematic Gabriel
33%
Cinematic Jeremy
33%
Cinematic Susie
33%
Cinematic William Afton
33%
Claustrophobia Springtrap
33%
Clown Springtrap
33%
Coffee
33%
Construction Bot
33%
Cookie for Claus
33%
Coolio's Afton
33%
Coolio's Freakshow
33%
Coolio's Lefty
33%
Coulrophobia Baby
33%
Crying Child
33%
Cryophobia Freddy
33%
Cultist Vanny
33%
Daemon
33%
Dave Miller
33%
Daycareena
33%
Deceit Bringer
33%
Desolate Hector
33%
Doofas
33%
Dreadbear's Crow
33%
Dr. Henry Miller
33%
Easter Bonnie
33%
Elizabeth Afton
33%
Fanon Glamrock Bonnie
33%
Fanon Shattered Glamrock Bonnie
33%
Fazbot-O-Tron
33%
Fazgoo
33%
F.E.A.R. Incarnate Bonnie
33%
F.E.A.R. Incarnate Chica
33%
F.E.A.R. Incarnate Foxy
33%
F.E.A.R. Incarnate Freddy
33%
Felix the Shark
33%
Fiona Murray
33%
Flamethrower Endo
33%
Flaming Springtrap
33%
Fliptrap
33%
Fortune
33%
Fourth Closet Afton
33%
Fourth Closet Baby
33%
Fourth Closet Funtime Foxy
33%
Fourth Closet Funtime Freddy
33%
Foxy.exe
33%
Frank
33%
FredByte
33%
Freddy Faz-Force
33%
Frightbear
33%
Frigid
33%
Frybot
33%
Funtime Bonnie
33%
Funtime Springsuit
33%
Gemini & The Gen2 Bobbiedots
33%
George
33%
Glamfrost Chica
33%
Glamrock Lucy
33%
Glamrock Plush Gang
33%
Gold Endo
33%
Gravetrap
33%
Gray Puppet
33%
Gregory
33%
Heartsick Baby
33%
Heart-Struck Foxy
33%
HELPYPAL
33%
Highscore Toy Chica
33%
Ignited Springtrap
33%
Jack Kennedy
33%
Jason
33%
Jeff
33%
Jeremy Fitzgerald
33%
Jessica
33%
Jester
33%
Jimbo Mopson
33%
John
33%
Julius
33%
Kids at Play Sign
33%
Kurt
33%
Lally
33%
Lamar
33%
LoadByte
33%
L.O.L.Z.H.A.X
33%
Lovebox Freddy
33%
Mad Endo
33%
Magician Mangle
33%
Malenz
33%
Marla
33%
Mary Schmidt
33%
Matt Virginia
33%
Maxie
33%
Mecha-Pirate Foxy
33%
Megalophobia Mangle
33%
Meganette
33%
Mini Keeper
33%
Mirad
33%
Mochi's Marionette
33%
Mochi's Molten Freddy
33%
MontyZilla
33%
Murray's Miraculous Mechanical Man
33%
Nightmare Fruitcake
33%
Oswald
33%
Oswald's Dad
33%
Oswald's Mom
33%
Pālama Pin
33%
Pediophobia Plushtrap
33%
Phantasmagoric Foxy
33%
Phantasmagoric Freddy
33%
Phantom Bonnie
33%
Phantom Toy Animatronics
33%
Phobia Michael
33%
Phone Gal
33%
Phone Guy 01
33%
Phone Guy 02
33%
Pittrap
33%
Plush Freddy & The Plush Gang
33%
Pogoduck
33%
Porkpatch
33%
Princess Quest Enemy
33%
Princess Quest Glitchtrap
33%
Prizebear
33%
Purple Freddy
33%
Purpletrap
33%
Radioactive Foxy
33%
Redbear
33%
RFOM Minireena
33%
Ringmaster Foxy
33%
Ritual Bonnie
33%
Ritual Chica
33%
Ritual Foxy
33%
Ritual Freddy
33%
Rockstar Endo
33%
Rockstar Helpy
33%
Rosie Porkchop
33%
Rubberhose Freddy
33%
Rubberhose Golden Freddy
33%
Saffron
33%
Samwich
33%
Sandie Sheriff
33%
Sara
33%
Scarecrow Dreadbear
33%
Scopophobia Friend
33%
Scrap and the Gang
33%
Scrap Elizabeth
33%
Sea Bonnie
33%
Sea-Drenched Mangle
33%
Seagoon
33%
Sec-Strings
33%
Security Owl
33%
Shattered Candy Cadet
33%
Shattered El Chip
33%
Shattered Happy Frog
33%
Shattered Mr. Hippo
33%
Shattered Nedd Bear
33%
Shattered Rockstar Foxy
33%
Shattered Rockstar Freddy
33%
Shattered Security Puppet
33%
Simon
33%
Souldozer
33%
Source Freddy and Friends
33%
Spiteful Freddy
33%
Spiteful Lefty
33%
Spiteful Scraptrap
33%
Stone
33%
Stop Motion Bonnie
33%
Stop Motion Chica
33%
Stop Motion Foxy
33%
Stop Motion Freddy
33%
Sugar the Cat
33%
System Error Toy Bonnie
33%
Tangle
33%
The Agony Amalgam
33%
The Buffet Bros
33%
The Giving Tree
33%
The Light Princess
33%
The Man in Room 1280
33%
The Phone Guys
33%
The Puppeteer
33%
The Tall Man
33%
Ticket Freddy
33%
Tiger Rock
33%
Total Eclipse
33%
Totally Tubular
33%
Totem Panic
33%
Toxic Springtrap
33%
Toy Cuddles
33%
Toy Proxy
33%
Traumatophobia Fredbear
33%
Tweetie
33%
Twisted Bonnie
33%
Twisted Chica
33%
Twisted Endo
33%
Twisted Foxy
33%
Twisted Freddy
33%
Twisted Wolf
33%
Virtua Freddy
33%
VR Toy Freddy
33%
Wet Floor Sign Gal
33%
White Rabbit
33%
Withered Balloon Boy
33%
Withered Mangle
33%
Withered Puppet
33%
Withered Toy Bonnie
33%
Withered Toy Chica
33%
Withered Toy Freddy
33%
XOR
33%
8-Bit Adventure Fredbear & The Adventure Sprites
17%
8-Bit Fredbear Plush & Friends
17%
8-Bit Freddy & The Sprites of '87
17%
8-Bit Shadow Bonnie & The Sprites of '23
17%
Admiral Foxtrot
17%
Adventure Funtime Foxy
17%
Adventure Paperpals
17%
Afton Cultist
17%
Agonized Absconder
17%
Agonywraith
17%
Aichmophobia Marionette
17%
Alpha Z
17%
Aviary
17%
Baby Crawlers
17%
Backdrop
17%
Bakery Buddy Chica
17%
Bakery Buddy Cupcake
17%
Baldur the Reindeer
17%
Ballonet
17%
Balloon Kid
17%
Balloratrap
17%
Ballpit Beast
17%
Banny
17%
Bear5
17%
Beartrap
17%
Betty
17%
Big Iron
17%
Billy
17%
Billy Boy
17%
Bird Peep Beast
17%
Black Plague
17%
Blorgus
17%
Bonnie Toilet
17%
Boozoo
17%
Brian Stells
17%
Brickbuilt Freddy & Friends
17%
Bunnyfarm Bon & The Walten Sprites
17%
Bunny Peep Beast
17%
Campground Dreadbear
17%
Candy Corn Beast
17%
Canon Mendo
17%
Captain Esther-Terastyl
17%
Carnival BB
17%
Carnival Bon-Bon
17%
Carnival Captain Foxy
17%
Carnival Helpy
17%
Charlie Emily
17%
Charlie's Toys
17%
Charlotte Emily
17%
Chef Carl Cupcake
17%
Chi-Cadus
17%
Chickadee
17%
Chocolate Chica
17%
Chocolate Freddy
17%
Cinematic Coffee
17%
Coils
17%
COMRAD
17%
Creation Base
17%
CyberFun Endo
17%
DAISY Homecare Unit
17%
Dark Springtrap
17%
Dark Water Endo
17%
Detective Larson
17%
Devil Freddy
17%
Digi-typer 95
17%
Drawkill Bonnie
17%
Drawkill Chica
17%
Drawkill Foxy
17%
Drawkill Freddy
17%
Drawkill Puppet
17%
Dreamgeist
17%
Dreamware Butterfly
17%
Duke of Dawn
17%
Eddison's Holosuit
17%
Eleanor
17%
Faraday
17%
Fatal
17%
Fazworld64 Freddy
17%
F.E.A.R. Endo
17%
Felix Kranken
17%
Fernando the Funhouse Jester
17%
Fetch
17%
Freakshow
17%
Frebby Fuzbar
17%
Funhouse Bonnie
17%
Funhouse Chica
17%
Funhouse Freddy
17%
Gem Stone
17%
Ghouls at Play Sign
17%
Glamarionne
17%
Glamrock Baby
17%
Glamrock El Chip
17%
Glamrock Foxy
17%
Glamrock Music Man
17%
Glamrock Puppet
17%
Goldie
17%
Gorehound
17%
Grave Stone
17%
Greeny Grizzly & Friends
17%
Handicraft
17%
H.A.P.P.S.
17%
Happy Shroom/Monster Shroom
17%
Harbor
17%
Heather
17%
Henry Emily
17%
Hexrock Baby
17%
Hide & Seek Shadow Bonnie
17%
Hominite Figure
17%
Hope
17%
Ice-O-Tron
17%
Jake
17%
Janitor Bot
17%
Jason (Silver Eyes)
17%
Jayce
17%
Jenny Letterson
17%
Katie Cadette
17%
Killtimber/Nightmare Chipper
17%
Kim
17%
King Kraken
17%
Left to Rot Suit
17%
Lilith & Agony Fiend
17%
Livewire Silver
17%
Logbook Bonnie
17%
Logbook Chica
17%
Logbook Foxy
17%
Logbook Freddy
17%
Lonely Freddy
17%
Lora
17%
Lucid Caterpillar
17%
Lucid Michael
17%
Lucid Phone
17%
Lucid Robot
17%
Lucy.exe
17%
Management Wanted Bonnie
17%
Management Wanted Chica
17%
Management Wanted Endo 01
17%
Management Wanted Foxy
17%
Management Wanted Freddy
17%
Management Wanted Golden Freddy
17%
Management Wanted Hector
17%
Management Wanted Helpy
17%
Masked Memory
17%
Masklophobia Glitchtrap
17%
Matriarch
17%
Mike (Into The Pit)
17%
Millie Fitzsimmons
17%
Mininnard
17%
MLG Balloon Boy
17%
Molly Moth
17%
M.O.O.N. Rover
17%
Mother
17%
Mrs. Afton
17%
Murder Robot
17%
Murray's Terrific Imita-Tron
17%
Mushroom Melvin
17%
M.X.E.S. Beta
17%
New Kid Fredbear
17%
Nick
17%
Nightmare Candy
17%
Nyctophobia Bonnie
17%
Nyctophobia Freddy
17%
Old Man Conquests
17%
Patches
17%
Pestilence
17%
Phobia Bon-Bon
17%
Phobia Bonnet
17%
Photo Negative Glamrock Freddy
17%
Pigtail Girl
17%
Pipsu
17%
Plush Keeper
17%
Plushtrap Chaser
17%
Plushtrap Kid
17%
Police
17%
Proto Silver
17%
Prototype Mimic
17%
Pumpkin Rabbit
17%
Puppet Mangle
17%
Puppet Thing
17%
Purple Man Animatronic
17%
Pythagoras
17%
Quad Endo
17%
Quinn
17%
Rainbunny
17%
Ralph
17%
Ralpho
17%
R.A.S.C
17%
Ringston Telegram
17%
Ritual Cupcake
17%
Rocket Rabbit
17%
Rocky & The Diner-saurs
17%
Savage Slime Hound
17%
Scorching Chica
17%
Scouter
17%
Scuttler
17%
Seabilly/Seabill.exe
17%
Sea Floor Fredbear
17%
Sea Lurker Hawk
17%
Security Bonnie
17%
Security Fredbear
17%
Security Freddy
17%
Shadow Toy Chica
17%
Shattered Daycare Attendant
17%
Sideshow
17%
Sideshow Mangle
17%
Silver Neo
17%
Simon the Doll
17%
Skrolo
17%
Sleep Paralysis
17%
Smiley
17%
Sociopath
17%
Sophie Walten
17%
Spitewraith
17%
Sploinkus
17%
Springlock Jester
17%
Starstruck
17%
Stitchtrap
17%
Stitchwraith
17%
Sugarplum
17%
Summercrab/Springcrab
17%
The Angler
17%
The Storyteller
17%
The Toy-geist
17%
Toy Kid
17%
Toytime Cammy
17%
Twisted BB
17%
Twisted Plushtrap
17%
Twisted Puppet
17%
Twisted Springtrap
17%
Unfixable Funtime Freddy
17%
V.A.N.N.I. Sentinel
17%
Very Informative Pig
17%
Villy & Bopper Melodies
17%
Voltaic
17%
Weeping Egret
17%
Wereaday
17%
Wet Floor Sign Goth
17%
Yarg Foxy
17%
Adrian
0%
Joel
0%
Kelly
0%
Lucia
0%
Wade
0%
No matching quizzes found
Score Distribution
Percent of People with Each Score
Percentile by Number Answered
Your Score History
You have not taken this quiz since the last reset